Office Automation Tools : (Record no. 167571)

MARC details
000 -LEADER
fixed length control field 00732nam a22002057a 4500
005 - DATE AND TIME OF LATEST TRANSACTION
control field 20220217160241.0
010 ## - LCCN (DPL NO)
LC control number ENG-126456
020 ## - INTERNATIONAL STANDARD BOOK NUMBER
International Standard Book Number 978-93-88096-08-9
Terms of availability 224.00
035 ## - SYSTEM CONTROL NUMBER
System control number EN-109988
037 ## - SOURCE OF ACQUISITION
Source of stock number/acquisition DBAD/PUB
082 ## - DEWEY DECIMAL CLASSIFICATION NUMBER
Classification number 651.84
100 ## - MAIN ENTRY--PERSONAL NAME
Personal name Kalyani,P
245 ## - TITLE STATEMENT
Title Office Automation Tools :
Remainder of title As Per Choice Based Credit System/
Statement of responsibility, etc by P.Kalyani, R.Ramganesh [and] S,Krishnaiah
260 ## - PUBLICATION, DISTRIBUTION, ETC. (IMPRINT)
Place of publication, distribution, etc Hyderabad
Name of publisher, distributor, etc Specturm University
Date of publication, distribution, etc 2018
270 ## - ADDRESS
City Hyderabad
Address #326/C,1st Floor,Surneni Nilayam Near B K Guda Park,S R Nagar
Postal code 500038
Telephone number ++91 40 23710657,238000657
Fax number +91 40 23810657
300 ## - PHYSICAL DESCRIPTION
Extent 304p.
Dimensions 24cm(pbk)
Other physical details ill
700 ## - ADDED ENTRY--PERSONAL NAME
Personal name Ramganesh,R
700 ## - ADDED ENTRY--PERSONAL NAME
Personal name Krishnaiah,S
942 ## - ADDED ENTRY ELEMENTS (KOHA)
Source of classification or shelving scheme Dewey Decimal Classification
Item type English Books
Classification part 651.84
Call number suffix KAL
Holdings
Withdrawn status Lost status Not for loan Collection code Home library Current library Date acquired Source of acquisition Cost, normal purchase price Full call number Barcode Copy number Cost, replacement price Koha item type
      Non-fiction Ashok Vihar Ashok Vihar 12/09/2019 DBAD/PUB 224.00 651.84 KAL EN-109988 1 224.00 English Books

© Delhi Public Library
Hit Counter
free hit counter